| 000 | 00631nam a22001937a 4500 | ||
|---|---|---|---|
| 003 | OSt | ||
| 005 | 20260112062512.0 | ||
| 008 | 260112b |||||||| |||| 00| 0 eng d | ||
| 020 | _a981-4058-19-x | ||
| 040 |
_aDWCL-Main lib. _cOC |
||
| 082 | _aCirc. 005.188 D324v 2000 | ||
| 100 | _aDietel, H.M | ||
| 245 |
_aVisual basic 6 : _bhow to program/ _cH.M Dietel |
||
| 260 |
_aNew Jersey : _b Prentice Hall, _cc2000 |
||
| 300 |
_ali, 1015 pages. : _billustrations. _c 22 centimeters. _e+ CD-ROM |
||
| 504 | _aIncludes bibliographical references and index | ||
| 650 | _a1. Programming languages | ||
| 942 |
_2ddc _cBK-CIRC _hCirc. _n0 |
||
| 999 |
_c7290 _d7290 |
||